The shoals of Ukraine: Where American illusions and great-power politics collide (Record no. 527578)
[ view plain ]
| 000 -LEADER | |
|---|---|
| fixed length control field | 01125nam a22001457a 4500 |
| 008 - FIXED-LENGTH DATA ELEMENTS--GENERAL INFORMATION | |
| fixed length control field | 240905b ||||| |||| 00| 0 eng d |
| 100 ## - MAIN ENTRY--PERSONAL NAME | |
| Personal name | Plokhy, Serhii and Sarotte, M.E. |
| 245 ## - TITLE STATEMENT | |
| Title | The shoals of Ukraine: Where American illusions and great-power politics collide |
| 260 ## - PUBLICATION, DISTRIBUTION, ETC. (IMPRINT) | |
| Place of publication, distribution, etc | Foreign Affairs |
| 300 ## - PHYSICAL DESCRIPTION | |
| Extent | 99(1), Jan-Feb, 2020: p.81-95 |
| 520 ## - SUMMARY, ETC. | |
| Summary, etc | At first, it might seem surprising that Ukraine, a country on the fringes of Europe, is suddenly at the turbulent center of American politics and foreign policy. With an impeachment inquiry in Washington adding further detail to the story of the Trump administration’s efforts to tie U.S. security assistance for the country to Ukrainian cooperation in investigating President Donald Trump’s Democratic opponents, Trump’s presidency itself hangs in the balance. And the repercussions go even further, raising questions about the legitimacy and sustainability of U.S. power itself.- Reproduced https://www.foreignaffairs.com/articles/united-states/shoals-ukraine |
| 773 ## - HOST ITEM ENTRY | |
| Main entry heading | Foreign Affairs |
| 906 ## - LOCAL DATA ELEMENT F, LDF (RLIN) | |
| Subject DIP | INTERNATIONAL RELATIONS |
| 942 ## - ADDED ENTRY ELEMENTS (KOHA) | |
| Item type | Articles |
| Withdrawn status | Lost status | Source of classification or shelving scheme | Damaged status | Not for loan | Permanent location | Current location | Date acquired | Serial Enumeration / chronology | Barcode | Date last seen | Koha item type |
|---|---|---|---|---|---|---|---|---|---|---|---|
| Indian Institute of Public Administration | Indian Institute of Public Administration | 2024-09-05 | 99(1), Jan-Feb, 2020: p.81-95 | AR133019 | 2024-09-05 | Articles |
